Statistics for Miley Cyrus Charting Songs (Billboard Hot 100)

Click here to take the quiz!

General Stats

  • This quiz has been taken 156 times
    (5 since last reset)
  • The average score is 10 of 59

Answer Stats

AlbumWeeks OnPeakArtist(s)Song% Correct
Endless Summer Vacation56 Weeks#1 (8 Weeks)Miley CyrusFlowers
100%
Bangerz26 Weeks#2Miley CyrusWe Can't Stop
100%
Bangerz32 Weeks#1 (2 Weeks)Miley CyrusWrecking Ball
100%
Can't Be Tamed10 Weeks#8Miley CyrusCan't Be Tamed
75%
Hannah Montana2 Weeks#92Hannah MontanaBest of Both Worlds
50%
Charlie's Angels7 Weeks#13Ariana Grande, Miley Cyrus & Lana Del ReyDon't Call Me Angel
50%
Plastic Hearts20 Weeks#14Miley CyrusMidnight Sky
50%
Late Night Feelings13 Weeks#43Mark Ronson ft. Miley CyrusNothing Breaks Like a Heart
50%
The Time of Our Lives29 Weeks#2Miley CyrusParty in the USA
50%
Plastic Hearts12 Weeks#54Miley Cyrus ft. Dua LipaPrisoner
50%
Hannah Montana: The Movie28 Weeks#4Miley CyrusThe Climb
50%
Est. in 1989, Pt. 323 Weeks#11Mike WiLL Made-It ft. Miley Cyrus, Wiz Khalifa & Juicy J23
25%
Bangerz18 Weeks#21Miley CyrusAdore You
25%
Breakout4 Weeks#56Miley CyrusBreakout
25%
Endless Summer Vacation15 Weeks#56Miley CyrusJaded
25%
Younger Now15 Weeks#10Miley CyrusMalibu
25%
SHE IS COMING and SHE IS MILEY CYRUS3 Weeks#54Miley CyrusMother's Daughter
25%
Endless Summer Vacation4 Weeks#32Miley CyrusRiver
25%
SHE IS MILEY CYRUS6 Weeks#47Miley CyrusSlide Away
25%
Endless Summer Vacation21 Weeks#8Miley CyrusUsed To Be Young
25%
The Time of Our Lives13 Weeks#16Miley CyrusWhen I Look At You
25%
Younger Now1 Week#79Miley CyrusYounger Now
25%
Breakout15 Weeks#9Miley Cyrus7 Things
0%
MONTERO1 Week#97Lil Nas X ft. Miley CyrusAM I DREAMING
0%
Hannah Montana: The Movie3 Weeks#56Miley Cyrus with Billy Ray CyrusButterfly Fly Away
0%
Non-Album Single1 Week#74Pharrell Williams ft. Miley CyrusDoctor (Work It Out)
0%
Bangerz1 Week#87Miley CyrusDrive
0%
#willpower1 Week#58will.i.am ft. Miley CyrusFall Down
0%
#willpower2 Weeks#96will.i.am ft. Miley Cyrus, French Montana, Wiz Khalifa & DJ MustardFeelin' Myself
0%
Breakout2 Weeks#84Miley CyrusFly on the Wall
0%
Meet Miley Cyrus2 Weeks#91Miley CyrusG.N.O (Girls Night Out)
0%
Hannah Montana Forever1 Week#66Hannah Montana ft. IyazGonna Get This
0%
Hannah Montana 35 Weeks#10Hannah MontanaHe Could Be The One
0%
Hannah Montana: The Movie13 Weeks#18Miley CyrusHoedown Throwdown
0%
Hannah Montana 31 Week#87Hannah MontanaIce Cream Freeze (Let's Chill)
0%
Hannah Montana8 Weeks#47Hannah MontanaIf I Were a Movie
0%
Hannah Montana1 Week#67Hannah MontanaI Got Nerve
0%
Hannah Montana 31 Week#74Hannah Montana ft. David ArchuletaI Wanna Know You
0%
Hannah Montana1 Week#99Hannah MontanaJust Like You
0%
Hannah Montana: The Movie3 Weeks#57Hannah MontanaLet's Get Crazy
0%
Hannah Montana 24 Weeks#25Hannah MontanaLife's What You Make It
0%
Hannah Montana 21 Week#92Hannah MontanaMake Some Noise
0%
Hannah Montana 27 Weeks#27Hannah MontanaNobody's Perfect
0%
Hannah Montana: Forever2 Weeks#91Hannah MontanaOrdinary Girl
0%
Hannah Montana1 Week#81Hannah MontanaPumpin' Up The Party
0%
Home At Last23 Weeks#37Billy Ray Cyrus with Miley CyrusReady, Set, Don't Go
0%
Hannah Montana 24 Weeks#81Hannah MontanaRock Star
0%
Endless Summer Vacation1 Week#91Miley CyrusRose Colored Lenses
0%
Meet Miley Cyrus27 Weeks#10Miley CyrusSee You Again
0%
Non-Album Single5 Weeks#20Disney's Friends for ChangeSend It On
0%
Bangerz1 Week#93Miley CyrusSomeone Else
0%
Meet Miley Cyrus3 Weeks#68Miley CyrusStart All Over
0%
Can't Be Tamed1 Week#75Miley CyrusStay
0%
Hannah Montana1 Week#84Hannah MontanaThe Other Side of Me
0%
Hannah Montana1 Week#89Hannah MontanaThis is the Life
0%
Endless Summer Vacation1 Week#68Miley Cyrus ft. Brandi CarlileThousand Miles
0%
Hannah Montana 21 Week#99Hannah MontanaTrue Friend
0%
Hannah Montana4 Weeks#83Hannah MontanaWho Said
0%
Hannah Montana: The Movie4 Weeks#81Hannah MontanaYou'll Always Find Your Way Back Home
0%

Score Distribution

Percentile by Number Answered

Percent of People with Each Score

Your Score History

You have not taken this quiz since the last reset